| 000 | 00501nam a22001691a 4500 | ||
|---|---|---|---|
| 001 | 6618 | ||
| 003 | OSt | ||
| 005 | 20260204212058.0 | ||
| 008 | 060626s1985||||dr ||||||b||||||||||spa|| | ||
| 050 | _aRD 342.06 R299l | ||
| 110 | _aRepública Dominicana | ||
| 245 | _aLey No.1494 ley que instituye la jurisdicción contencioso - administrativo anexo formularios | ||
| 264 | _aSanto Domingo : Congreso Nacional | ||
| 300 | _a20 p | ||
| 650 | _a1.Derecho Administrativo 2.Ley No. 1494Ì | ||
| 942 |
_2ddc _cBK |
||
| 999 |
_c6618 _d6618 |
||